La Ruta de la minería : un viaje desde la prehistoria hasta la actualidad que permite coner los diversos sistemas de extracción de minerales y cómo era la vida de los mineros un viaje desde la prehistoria hasta la actualidad que permite coner los diversos sistemas de extracción de minerales y cómo era la vida de los mineros

Descripció física: [16] p. ; 21 cm

MARC

LEADER 00000nam a2200000Ia 4500
001 18429
008 160829s9999 xx 000 0 cat d
245 |a La Ruta de la minería :  |b  un viaje desde la prehistoria hasta la actualidad que permite coner los diversos sistemas de extracción de minerales y cómo era la vida de los mineros 
250 |a Ed. en castellano 
260 |a [Barcelona] :  |b Diputació de Barcelona, Xarxa de Municipis, Oficina de Promoció Turística, DL 2002 
300 |a [16] p. ;  |c 21 cm 
590 |a Precedeix el títol: Rutas de turismo industrial.  
590 |a A la portada: Turisme Total.  
590 |a Existeix una edició en francès amb R. 18390, en català amb R. 14995 , en anglès amb R. 18430 
650 |a Mines  |x Catalunya  |x Circuits turístics  |x Guies  |9 37664 
710 1 |a Barcelona (Catalunya : Província).  |b Oficina de Promoció Turística  |9 51402 
901 |a Arxiu 
942 |n 1 
952 |0 0  |1 0  |4 0  |7 1  |9 47984  |a Arxiu  |b Arxiu  |d 2016-12-01  |l 0  |p 18429  |r 2016-12-01 00:00:00  |w 2016-12-01  |y ARXIU 
999 |c 51785  |d 51785